Sports Quiz

Random Sports or MLB Quiz
Score 0/6 Timer 01:00
3 Plays Today
Losses Team Name % Correct
10,393Cincinnati Reds
94.6%
10,404Chicago Cubs
83.2%
11,000Philadelphia Phillies
66.5%
10,405Pittsburgh Pirates
61.7%
10,659Atlanta Braves
59.7%
10,063St. Louis Cardinals
13.1%
Remove Ads.
Support Sporcle.
Get the best of Sporcle when you Go Orange. This ad-free experience offers more features, more stats, and more fun while also helping to support Sporcle. Thank you for becoming a member.

You're not logged in!

Compare scores with friends on all Sporcle quizzes.
OR
Log In

Sporcle TV

Today on Sporcle TV


Watch our educational content, quiz creation guides, and fun videos on Sporcle TV.

Show Comments

Extras

Top Quizzes Today


Score Distribution

Paid Content

Your Account Isn't Verified!

In order to create a playlist on Sporcle, you need to verify the email address you used during registration. Go to your Sporcle Settings to finish the process.

Report this User

Report this user for behavior that violates our Community Guidelines.

Details: